Cartas interiores / (Record no. 74681)

MARC details
000 -LEADER
campo de control de longitud fija 00399nam a2200145 i 4500
001 - NÚMERO DE CONTROL
campo de control 74681
003 - IDENTIFICADOR DE NÚMERO DE CONTROL
campo de control ES-MaACL
007 - CAMPO FIJO DE DESCRIPCIÓN FÍSICA--INFORMACIÓN GENERAL
campo de control de longitud fija t|
008 - DATOS DE LONGITUD FIJA--INFORMACIÓN GENERAL
campo de control de longitud fija 040920s1929 sp ||||1| spa d
100 1# - ENTRADA PRINCIPAL--NOMBRE DE PERSONA
Nombre de persona Gordillo Carrasco, Antonio.
9 (RLIN) 59145
245 10 - MENCIÓN DEL TÍTULO
Título Cartas interiores /
Mención de responsabilidad, etc. Antonio Gordillo Carrasco.
260 ## - PUBLICACIÓN, DISTRIBUCIÓN, ETC.
Lugar de publicación, distribución, etc. Valencia :
Nombre del editor, distribuidor, etc. José Villamala,
Fecha de publicación, distribución, etc. 1929.
300 ## - DESCRIPCIÓN FÍSICA
Extensión 118 p. ;
Dimensiones 17 cm.
852 ## - LOCALIZACIÓN
Ubicación ES-MaACL
Número de control de estantería B-6118
Holdings
Estatus retirado Estado de pérdida Estado de daño No para préstamo Biblioteca de origen Biblioteca actual Ubicación en estantería Fecha de adquisición Fuente de adquisición Total de préstamos Signatura topográfica completa Código de barras Visto por última vez Precio de reemplazo Tipo de ítem Koha
        Biblioteca del Ateneo de Madrid Biblioteca del Ateneo de Madrid Sala Pardo Bazán 17/01/2008     B-6118 1078176 23/02/2023 23/02/2023 Libro impreso